The Chronographia /

Saved in:

Main Author: Psellus, Michael (Author)

Other Authors: Sewter, E. R. A., 1907-1976.

Format: Book

Language: English
Ancient Greek

Published: [London] : Routledge & Kegan Paul, 1953.

Series: Rare masterpieces of philosophy and science.

Subjects:

Tags: Add Tag

No Tags, Be the first to tag this record!

Call Number: DF550 .P982 1953

LEADER 00815nam a2200253ua 4500
001 782
003 OSt
005 20260106115901.0
008 130303s1953 enk b 000 0 eng d
035 |a rdb05697270 
040 |c ARCE Library 
041 1 |a eng  |h grc 
050 4 |a DF550 .P982 1953 
100 1 |a Psellus, Michael,  |e author  |9 37911 
245 1 4 |a The Chronographia /   |c Michael Psellus ; translated from the Greek by E. R. A. Sewter. 
264 1 |a [London] :   |b Routledge & Kegan Paul,   |c 1953. 
300 |a viii, 320 pages ;   |c 22 cm. 
490 0 |a Rare masterpieces of philosophy and science. 
504 |a Bibliography : pages 291-292. 
651 0 |a Byzantine Empire  |x History. 
700 1 |a Sewter, E. R. A.,   |q (Edgar Robert Ashton),   |d 1907-1976.  |9 39725 
901 |a reviewed 
942 |c BK  |2 lcc 
999 |c 2962  |d 2962